| 000 | 00595cam a2200217 4500 | ||
|---|---|---|---|
| 001 | J102871 | ||
| 008 | 000000n1999 000 0 eng u | ||
| 035 | _a(Sirsi) u102871 | ||
| 041 | _aeng | ||
| 050 | _a333.336 | ||
| 110 |
_aRichard Ellis St. Quintin _93738 |
||
| 245 | _aIndustrial property quarterly monitor. Autumn 1999. | ||
| 260 |
_aLondon _bRichard Ellis St Quintin _c1999 |
||
| 300 | _a2p. ; 30cm. | ||
| 650 | _aINDUSTRIAL PROPERTY | ||
| 650 | _aRENTAL VALUES | ||
| 650 | _aCAPITAL VALUES | ||
| 650 | _aTOTAL RETURNS | ||
| 690 | _aPROPERTY-COMMERCIAL PROPERTY | ||
| 942 | _n0 | ||
| 999 |
_c100070 _d100070 |
||